000 00513nam a2200193Ia 4500
008 130318s9999 xx 000 0 und d
020 _a047148993X
082 _a541.220113 HIN/M
100 _aHinchliffe, Alan
245 _aModelling molecular structures
250 _a2
260 _bWiley
_aEngland
_c2000
300 _a336
440 _aWiley series in theoretical Chemistry
650 _aMATERIAL SCIENCE
650 _aMATHEMATICAL MODELS
650 _aMOLECULAR BIOLOGY
650 _aMOLECULAR MODELING
999 _c2126
_d2126